000 00658nam a2200241Ia 4500
003 OSt
005 20220926041008.0
006 a|||||r|||| 00| 0
007 ta
008 220923b |||||||| |||| 00| 0 eng d
037 _cGeneral Book
040 _aRTL
_cRTL
_beng
041 _2eng
_aeng
082 _aX:533.1.N6, K7
100 _aBalassa Bela, and others
_9344421
245 0 _aStudies in trade liberalization
_b Problems and pro
260 _c1967
300 _axiii,346p
_ccm.
650 _a Free Trade
650 _aEconomics
942 _hX:533.1.N6, K7
_cGB
_2CC
999 _c666161
_d666161